• 首页
  • 本馆介绍
  • 公告通知
  • 最新文献
  • 馆藏检索
  • 电子资源
  • 读者导购
  • 参考咨询
  • 我的图书馆
  • 登录
  • 详细信息显示
  • 放入我的书架
  • 预约/预借图书
  • 作者相关作品
  • 分类相关作品
  • 丛书相关作品
  • 出版社相关作品

书目信息

  • 表格格式
  • 工作单格式
  • 卡片格式
题名:
经济学新论
    
 
作者: 马列光 著
分册:  
出版信息: 北京   中国经济出版社  2006.4
页数: 372页
开本: 21cm
丛书名:
单 册:
中图分类: F014.4
科图分类:
主题词: 乘数--熵--国民收入
电子资源:
ISBN: 7-5017-1106-2
000 01113nam0 2200301 450
000 01076nam0 2200289 450
000 01045nam0 2200289 450
000 00991nam0 2200265 450
000 01009nam0 2200253 450
000 00972nam0 2200241 45
001 0195024242
005 20061213101331.23
010    @a7-5017-1106-2@dCNY39.80
100    @a20060923d2006 kemy0chiy0121 ea
101 1  @achi@ceng
102    @aCN@b110000
105    @ay z 001yy
200 10 @a经济学新论@AJing Ji Xue Xin Lun@e乘数·统计熵与国民收入@ECheng Shu· Tong Ji Shang Yu Guo Min Shou Ru@f马列光著@FMa Lie Guang Zhu
210    @a北京@c中国经济出版社@d2006.4
215    @a372页@c图表@d21cm
330    @a本书是具有创新思想的经济理论著作,不仅发展了经济学中的乘数思想,而且还建立了统计熵与国民收入相关联的数学方程,从而开辟了经济研究的新方向。
606    @a乘数@x熵@x国民收入
690    @aF014.4@v4
701  1 @a马列光@AMa Lie Guang@4著
801  0 @aCN@b中图数据@c20061213
905    @a10447@dF014.4@e257
    
    经济学新论:乘数·统计熵与国民收入/马列光著.-北京:中国经济出版社,2006.4
    372页:图表;21cm
    
    
    ISBN 7-5017-1106-2:CNY39.80
    本书是具有创新思想的经济理论著作,不仅发展了经济学中的乘数思想,而且还建立了统计熵与国民收入相关联的数学方程,从而开辟了经济研究的新方向。
●
相关链接 在E读中查询图书 在五车中查询图书 在当当中查询图书 在豆瓣中查询图书


正题名:经济学新论     索取号:F014.4/257         预约/预借

序号 登录号 条形码 馆藏地/架位号 状态 备注
1 0600625   206006258   第一样本阅览室/ [索取号:F014.4/257] 在馆    
2 0600626   206006267   第一借阅区/ [索取号:F014.4/257] 在馆    
3 0600627   206006276   第一借阅区/ [索取号:F014.4/257] 在馆    
4 0600628   206006285   第一借阅区/ [索取号:F014.4/257] 在馆    
5 0600629   206006294   第一借阅区/ [索取号:F014.4/257] 在馆    
6 0600630   206006301   第一借阅区/ [索取号:F014.4/257] 在馆    
唐山师范学院图书馆 欢迎您!
大连网信软件有限公司© 版权所有